000 00302nam a22001337a 4500
008 170808b xxu||||| |||| 00| 0 eng d
020 _a9780130319951
041 _aeng
080 _a004
100 _a34
101 _aSHK
245 _aDATABASE SYSTEMS THE COMPLETE BOOK
_cGARCIA,H
942 _2udc
_cBK
999 _c22889
_d22889